Tin học căn bản

Shranjeno v:
Bibliografske podrobnosti
Glavni avtor: Quách Tuấn Ngọc
Format: Knjiga
Izdano: Giáo dục 1998
Oznake: Označite
Brez oznak, prvi označite!
Thư viện lưu trữ: Mạng thư viện Đại học Đà Nẵng
LEADER 00539nam a2200229 a 4500
001 000028554
003 1000
005 20171030145630.0
008 171030s1998
020 |c 26000 
040 |a LTT 
082 0 |a 005  |b QU-N 
100 1 |a Quách Tuấn Ngọc 
245 0 0 |a Tin học căn bản  |c Quách Tuấn Ngọc. 
260 |b Giáo dục  |c 1998 
OWN |a LTT 
999 |a From the UDN01 
TYP |a Monograph 
TYP |a Printed language 
980 |a Mạng thư viện Đại học Đà Nẵng